| 000 -CABECERA |
| fixed length control field |
00929nam a22002417a 4500 |
| 003 - IDENTIFICADOR DEL NÚMERO DE CONTROL |
| control field |
AR-CdUCM |
| 008 - DATOS DE LONGITUD FIJA--INFORMACIÓN GENERAL |
| fixed length control field |
190312b ||||| |||| 00| 0 spa d |
| 040 ## - FUENTE DE LA CATALOGACIÓN |
| Agencia/entidad que catalogó originalmente la obra |
MUNICIPALIDAD PROVINCIAL DEL CUSCO |
| Entidad que transcribió la catalogación |
BIBLIOTECA MUNICIPAL DEL CUSCO |
| 082 ## - NÚMERO DE LA CLASIFICACIÓN DECIMAL DEWEY |
| No. de Clasificación |
192 / |
| Notacion interna |
R961 |
| No. de la edición |
3ed. |
| 100 ## - ENTRADA PRINCIPAL--NOMBRE DE PERSONA |
| Nombre Personal |
Russell, Bertrand |
| 245 ## - MENCIÓN DE TÍTULO |
| Título |
Autoridad e individuo / |
| 260 ## - PUBLICACIÓN, DISTRIBUCIÓN, ETC. |
| Lugar de publicación, distribución, etc. |
México D.F. : |
| Nombre de la editorial, distribuidor, etc. |
Fondo de cultura económica, |
| Fecha de publicación, distribución, etc. |
1954. |
| 300 ## - DESCRIPCIÓN FÍSICA |
| Nº de Páginas Extensión |
143 páginas ; |
| Dimensiones |
17 cm. |
| 440 ## - MENCIÓN DE SERIE/PUNTO DE ACCESO ADICIONAL--TÍTULO |
| Título |
Breviarios |
| Número de la parte/sección de una obra |
15 |
| 9 (RLIN) |
16286 |
| 505 ## - NOTA DE CONTENIDO CON FORMATO |
| Nota de contenido formateada |
Contenido: La cohesión social y la naturaleza humana -- La cohesión social y el gobierno -- La función de la individualidad -- El conflicto entre la técnica y la naturaleza humana ... |
| 650 ## - PUNTO DE ACCESO ADICIONAL DE MATERIA--TÉRMINO DE MATERIA |
| Descriptor |
Sociedad y naturaleza humana |
| 9 (RLIN) |
16287 |
| 650 ## - PUNTO DE ACCESO ADICIONAL DE MATERIA--TÉRMINO DE MATERIA |
| Descriptor |
Ética social |
| 9 (RLIN) |
16288 |
| 650 ## - PUNTO DE ACCESO ADICIONAL DE MATERIA--TÉRMINO DE MATERIA |
| Descriptor |
Técnica y sociedad |
| 9 (RLIN) |
16289 |
| 700 ## - PUNTO DE ACCESO ADICIONAL--NOMBRE DE PERSONA |
| Nombre Personal |
Villegas, Márgara (traductor) |
| 9 (RLIN) |
16290 |
| 942 ## - ELEMENTOS DE PUNTO DE ACCESO ADICIONAL (KOHA) |
| Fuente de clasificación |
|
| Tipo de item |
Libros-BMC |
| 945 ## - PROCESAMIENTO DE INFORMACIÓN LOCAL (OCLC) |
| Catalogador |
cmm |